| 000 | 00525nam a2200169 a 4500 | ||
|---|---|---|---|
| 005 | 20140310183142.0 | ||
| 008 | 020820s19uu xx 00 eng d | ||
| 050 |
_aHF 5726 _b.T59 1997 |
||
| 100 | _aToropov, Brandon | ||
| 245 |
_a60 second memos : _bover 800 memos that get your point across in one minute / _cBrandon Toropov. |
||
| 260 |
_aParamus, NJ : _bPrentice Hall, _c1997. |
||
| 300 |
_a426 p. : _c24 cm. |
||
| 521 | _aMC | ||
| 650 |
_aMemorandums _xHandbooks, manuals etc. |
||
| 942 |
_cBK _2lcc _kFOR |
||
| 999 |
_c19440 _d19440 |
||